Okamžité zrušenie pracovného pomeru a požiadavka jeho doručenia
Výklad paragrafov (53, 54 a ďalších) Zákonníka práce, ktoré určujú dôvody, formu, spôsoby doručenia, lehoty, účasť odborových orgánov pri okamžitom zrušení pracovného pomeru organizáciou. Zákaz okamžitého zrušenia pracovného pomeru. Okamžité zrušenie pracovného pomeru pracovníkom, dôvody, nárok na n...
Guardado en:
| Autor principal: | |
|---|---|
| Formato: | Capítulo de libro |
| Lenguaje: | eslovaco |
| Materias: | |
| Etiquetas: |
Sin Etiquetas, Sea el primero en etiquetar este registro!
|
MARC
| LEADER | 00000naa a2200000 4500 | ||
|---|---|---|---|
| 001 | r016694 | ||
| 005 | 20221213100146.6 | ||
| 041 | 0 | |a slo | |
| 044 | |a SK | ||
| 245 | 1 | 0 | |a Okamžité zrušenie pracovného pomeru a požiadavka jeho doručenia |c Mária Rybárová |
| 520 | |a Výklad paragrafov (53, 54 a ďalších) Zákonníka práce, ktoré určujú dôvody, formu, spôsoby doručenia, lehoty, účasť odborových orgánov pri okamžitom zrušení pracovného pomeru organizáciou. Zákaz okamžitého zrušenia pracovného pomeru. Okamžité zrušenie pracovného pomeru pracovníkom, dôvody, nárok na náhradu mzdy. | ||
| 610 | 2 | 0 | |a pomer pracovný |
| 610 | 2 | 0 | |a výpoveď |
| 610 | 2 | 0 | |a zákonník práce |
| 610 | 2 | 0 | |a Slovensko |
| 100 | 1 | |a Rybárová, Mária | |